Language Quiz

Random Language Quiz

Begins with Rh Quiz Stats

 Plays Quiz not verified by Sporcle

Score 0/16 Timer 05:00
0 Plays Today
Clue Word % Correct
17th letter of the Greek alphabetRho
99.2%
Smallest U.S. state by areaRhode Island
96%
Quadrilateral with four sides of equal lengthRhombus
87.3%
Location of the Colossus, 1 of 7 original wonders of the worldRhodes
81.7%
Queen's BohemianRhapsody
80.2%
Crisp, tart plant often used in piesRhubarb
76.2%
Former name of colonial ZimbabweRhodesia
75.4%
Male protagonist of Gone with the WindRhett Butler
65.9%
Clue Word % Correct
Inflammatory disorder prinicpally affecting jointsRheumatoid Arthritis
63.5%
Type of monkey or macaque indigenous to S AsiaRhesus
61.9%
Procedure with patterned recurrence, meterRhythm
55.6%
Identity in sound, especially at the end of words or linesRhyme
52.4%
Genus of flowers including azaleasRhododendron
48.4%
Element RhRhodium
47.6%
African or Asian odd-toed ungulate mammalRhinoceros
41.3%
Lava form of graniteRhyolite
6.3%

You're not logged in!

Compare scores with friends on all Sporcle quizzes.
OR
Log In

Show Comments

Extras

Created Nov 8, 2010ReportNominate

Top Quizzes Today


Score Distribution

Your Account Isn't Verified!

In order to create a playlist on Sporcle, you need to verify the email address you used during registration. Go to your Sporcle Settings to finish the process.

Report this User

Report this user for behavior that violates our Community Guidelines.

Details: